Online
Catalog

Hamlet / (Record no. 34091)

MARC details
000 -CABECERA
campo de control de longitud fija 00657cam a2200217 a 4500
001 - NÚMERO DE CONTROL
campo de control 000034600
005 - FECHA Y HORA DE LA ÚLTIMA TRANSACCIÓN
campo de control 20230417152700.0
008 - DATOS DE LONGITUD FIJA--INFORMACIÓN GENERAL
campo de control de longitud fija 860225s2004 sp 000 d spa d
020 ## - NÚMERO INTERNACIONAL ESTÁNDAR DEL LIBRO
Número Internacional Estándar del Libro 8497645391
040 ## - FUENTE DE LA CATALOGACIÓN
Centro catalogador/agencia de origen DO-SdBNP
Lengua de catalogación spa
Centro/agencia transcriptor BNPHU
082 ## - NÚMERO DE LA CLASIFICACIÓN DECIMAL DEWEY
Número de clasificación xxxx
Número de documento/Ítem S527H
049 ## - FONDOS LOCALES (OCLC)
Fondos de biblioteca BNGR
100 1# - ENTRADA PRINCIPAL--NOMBRE DE PERSONA
Nombre de persona Shakespeare, William,
Fechas asociadas al nombre 1564-1616
9 (RLIN) 6748
245 10 - MENCIÓN DE TÍTULO
Título Hamlet /
Mención de responsabilidad, etc. William Shakespeare.
260 ## - PUBLICACIÓN, DISTRIBUCIÓN, ETC.
Lugar de publicación, distribución, etc. Madrid :
Nombre del editor, distribuidor, etc. EDIMAT Libros,
Fecha de publicación, distribución, etc. [2004].
300 ## - DESCRIPCIÓN FÍSICA
Extensión 186 p. ;
Dimensiones 20 cm.
490 1# - MENCIÓN DE SERIE
Mención de serie Clásicos de la literatura.
-- Teatro
650 #0 - PUNTO DE ACCESO ADICIONAL DE MATERIA--TÉRMINO DE MATERIA
Término de materia o nombre geográfico como elemento de entrada Teatro inglés
9 (RLIN) 6749
650 #4 - PUNTO DE ACCESO ADICIONAL DE MATERIA--TÉRMINO DE MATERIA
Término de materia o nombre geográfico como elemento de entrada Literatura inglesa
Subdivisión cronológica SIGLO XVI
9 (RLIN) 6750
830 #0 - PUNTO DE ACCESO ADICIONAL DE SERIE-TÍTULO UNIFORME
Título uniforme Clásicos de la literatura.
Nombre de parte o sección de la obra Teatro
9 (RLIN) 60039
Holdings
Estado de retiro Estado de pérdida Restricciones de uso No para préstamo Código de colección Localización permanente Ubicación/localización actual Ubicación en estantería Fecha de adquisición Número de inventario Total de préstamos Signatura topográfica completa Código de barras Fecha visto por última vez Precio válido a partir de Tipo de ítem Koha
      Excluido de préstamo Monografías: Libros y Folletos General General En catalogación 10.10.2011 LF1   xxxx S527H 34600-10 25.06.2020 25.06.2020 No se presta

Powered by Koha